| 000 | 00989nam2a22002291 4500 | ||
|---|---|---|---|
| 001 | rc\1092300 | ||
| 005 | 20250622191847.0 | ||
| 035 | _a(NLR Aleph) 006376941 | ||
| 090 |
_a5049295 _c5049295 |
||
| 100 | _a20041126d1984 |||y0rusy50 ca | ||
| 101 | 0 | _arus | |
| 102 | _aRU | ||
| 105 | _ay ||||||||| | ||
| 200 | 0 |
_a... на 1984-1985 годы _e[Утв. Девятой сессией Липец. обл. Совета нар. депутатов XVIII созыва 04.04.84] |
|
| 210 |
_d1984 _aБ. м. |
||
| 215 | _a34 с. | ||
| 461 | 0 |
_1001rc\1092299 _12001#$aПравила производства охоты на территории Липецкой области$v... на 1984-1985 годы _95049289 _cЛипецк _d1984 _nБ. и. _tПравила производства охоты на территории Липецкой области _v... на 1984-1985 годы |
|
| 801 | 0 |
_aRU _bNLR _gpsbo |
|
| 801 | 1 |
_aRU _bELAR _2rusmarc |
|
| 852 |
_aNLR _j85-4/24810 |
||
| 942 | _cBOOK | ||
| 980 | _aNB | ||